| 000 | 00380 a2200145 4500 | ||
|---|---|---|---|
| 999 |
_c6578 _d6578 |
||
| 020 | _a0125215134 | ||
| 050 | _aQR65BER1979 | ||
| 245 |
_aMethods in microbiology / _cT. Bergan and J.R. Norris |
||
| 264 |
_aLondon: _bAcademic Press, _c1979 |
||
| 300 | _a458p. : | ||
| 500 | _aincludes index | ||
| 650 | _amicrobiolohy | ||
| 700 |
_aJ.R Norris _eeditor |
||
| 942 |
_2lcc _cBK _h65 _iBER _kQR |
||